American civil engineering practice / (Record no. 550543)

000 -LEADER
fixed length control field 00614cam a22001811i 4500
082 ## - DEWEY DECIMAL CLASSIFICATION NUMBER
Classification number 624
Author Mark AME
-- L-21, P-1
100 1# - MAIN ENTRY--PERSONAL NAME
Personal name Abbett, Robert W.
9 (RLIN) 47237
245 10 - TITLE STATEMENT
Title American civil engineering practice /
Statement of responsibility, etc. prepared by a staff of specialists under the editorship of Robert W. Abbett.
260 ## - PUBLICATION, DISTRIBUTION, ETC.
Place of publication, distribution, etc. New York :
Name of publisher, distributor, etc. Wiley,
Date of publication, distribution, etc. 1956-57.
300 ## - PHYSICAL DESCRIPTION
Extent 3 v. :
Other physical details ill. ;
Dimensions 22 cm.
500 ## - GENERAL NOTE
General note Includes indexes.
500 ## - GENERAL NOTE
General note Tables.
526 ## - STUDY PROGRAM INFORMATION NOTE
Program name 0
Interest level 0
Reading level 0
Title point value 624_000000000000000_AME
526 ## - STUDY PROGRAM INFORMATION NOTE
Program name 0
Interest level 0
Reading level 0
Title point value 624_000000000000000_AME
526 ## - STUDY PROGRAM INFORMATION NOTE
Program name 0
Interest level 0
Reading level 0
Title point value 624_000000000000000_AME
650 #0 - SUBJECT ADDED ENTRY--TOPICAL TERM
Topical term or geographic name entry element Civil engineering.
942 ## - ADDED ENTRY ELEMENTS (KOHA)
Source of classification or shelving scheme
Koha item type Book
Holdings
Withdrawn status Lost status Source of classification or shelving scheme Damaged status Not for loan Permanent Location Current Location Date acquired Total Checkouts Full call number Barcode Date last seen Price effective from Koha item type Public note Date last checked out
          Military College of Engineering (MCE) Military College of Engineering (MCE) 11/14/2014   624 AME MCE-180 11/14/2014 03/14/2021 Book V-1  
          Military College of Engineering (MCE) Military College of Engineering (MCE) 11/14/2014 1 624 AME MCE-181 10/31/2017 03/14/2021 Book V-2 08/31/2017
          Military College of Engineering (MCE) Military College of Engineering (MCE) 11/14/2014   624 AME MCE-182 11/14/2014 03/14/2021 Book V-1  
© 2023 Central Library, National University of Sciences and Technology. All Rights Reserved.